000 00455nam a2200169 a 4500
001 0467
005 20140414131852.0
008 040117s19uu xx 00 eng d
020 _a1-56293-898-3
050 _aM 636
_bG24 1997
100 _aGave, Marc
245 _aFarm animals at your fingertips /
_cMarc Gave.
260 _aEngland :
_bMcClanahan,
_c1997.
300 _ap. ; cm.
650 _aDomestic animals
_xJuvenile literature.
999 _c110256
_d110256